[Event "Chigorin Memorial"]
[Site "St Petersburg RUS"]
[Date "2012.11.02"]
[Round "7.139"]
[White "Skvortsov, Alexander"]
[Black "Aleksandrov, Grigoriy"]
[Result "1-0"]
[WhiteElo "2110"]
[BlackElo "1871"]
[WhiteFideId "24170038"]
[BlackFideId "24199656"]
[EventDate "2012.10.27"]

1. c4 Nf6 2. Nc3 e6 3. Nf3 d5 4. d4 Be7 5. e3 O-O 6. Qc2 b6 7. cxd5 exd5 8. Be2
c5 9. O-O Bb7 10. Ne5 Nc6 11. Rd1 Qc7 12. f4 Rad8 13. Bf3 cxd4 14. exd4 Nxe5 15.
fxe5 Ne4 16. Qb3 Nxc3 17. bxc3 Qd7 18. Be3 Ba6 19. a4 Bc4 20. Qb2 f6 21. Be2
Bxe2 22. Qxe2 Qc7 23. exf6 Bxf6 24. Bd2 Rfe8 25. Qb5 Re6 26. Re1 Rde8 27. Rxe6
Rxe6 28. Qxd5 Qd6 29. Qxd6 Rxd6 30. Kf1 Kf7 31. Ke2 Ke6 32. Kd3 Kf5 33. Kc4 Rd8
34. Re1 h5 35. Rf1+ Kg6 36. Ra1 Re8 37. Re1 Rc8+ 38. Kb5 Rd8 1-0

[Event "Chigorin Memorial"]
[Site "St Petersburg RUS"]
[Date "2012.11.02"]
[Round "7.140"]
[White "Kuvyrshin, Maksim"]
[Black "Baglaev, Evgeniy"]
[Result "0-1"]
[WhiteElo "1865"]
[BlackElo "2099"]
[WhiteFideId "24177563"]
[BlackFideId "4195612"]
[EventDate "2012.10.27"]

1. e4 e6 2. d4 d5 3. Nc3 Bb4 4. e5 c5 5. a3 Bxc3+ 6. bxc3 Ne7 7. Qg4 cxd4 8. Bd3
Qc7 9. Ne2 dxc3 10. Qxg7 Rg8 11. Qxh7 Qxe5 12. Bf4 Qf6 13. h4 Nbc6 14. Bg5 Qe5
15. Bf4 Qf6 16. Bg5 Qe5 17. Bf4 Qh8 18. Qxh8 Rxh8 19. Nxc3 e5 20. Bg5 f5 21.
O-O-O Be6 22. h5 Kf7 23. Nb5 Rad8 24. f4 e4 25. Be2 a6 26. Nd4 Nxd4 27. Rxd4 Nc6
28. Rdd1 Rd7 29. h6 Kg6 30. Bh5+ Kh7 31. Rdf1 d4 32. g4 d3 33. cxd3 exd3 34. Kd2
Na5 35. Bf6 Rc8 36. g5 Nc4+ 37. Kc1 Bf7 38. Bxf7 Rxf7 39. Rfg1 Re8 40. Be5 Re6
41. Rh3 d2+ 42. Kc2 Rd7 43. Rd3 Nxe5 44. fxe5 Rxd3 45. Kxd3 Rxe5 46. Kxd2 Kg6
47. Rb1 Re7 48. Rg1 b5 49. Kd3 Rc7 50. Rg3 Rc8 51. Kd2 Rd8+ 52. Ke2 a5 53. Re3
Kxg5 54. Re5 Rb8 55. h7 Rh8 56. Rxb5 Rxh7 57. Rxa5 Kf4 58. Kf2 Rh2+ 59. Kg1 Ra2
60. Ra8 Kf3 61. a4 f4 62. a5 Ra1+ 63. Kh2 Kf2 64. Rf8 f3 65. Rf5 Ra4 66. Kh3 Ra1
67. Kh2 Ke2 68. Re5+ Kf1 69. Rf5 f2 70. Kg3 Ra3+ 71. Kh2 Ra4 72. Kg3 Ra3+ 73.
Kh2 Ra2 74. Kh3 Kg1 75. Rg5+ Kh1 76. Rf5 Ra3+ 77. Kh4 Kg2 78. Rg5+ Kh2 79. Rf5
Ra4+ 80. Kh5 Kg2 81. Rg5+ Kf3 82. Rf5+ Rf4 83. Rxf4+ Kxf4 0-1

[Event "Chigorin Memorial"]
[Site "St Petersburg RUS"]
[Date "2012.11.02"]
[Round "7.141"]
[White "Suvorov, Aleksandr"]
[Black "Radkov, Bazhen D."]
[Result "0-1"]
[WhiteElo "2065"]
[BlackElo "1860"]
[WhiteFideId "24140953"]
[BlackFideId "24170593"]
[EventDate "2012.10.27"]

1. g3 Nf6 2. Bg2 d5 3. c4 e6 4. d4 Be7 5. Nc3 O-O 6. Bg5 Nbd7 7. c5 c6 8. b4 e5
9. dxe5 Nxe5 10. Nf3 Nxf3+ 11. Bxf3 b6 12. O-O bxc5 13. bxc5 Bxc5 14. Na4 Be7
15. Rc1 Bh3 16. Re1 Rc8 17. Qd4 Qc7 18. Bf4 Qd7 19. Nc5 Bxc5 20. Rxc5 Rfe8 21.
Rec1 Ne4 22. Ra5 c5 23. Qb2 h6 24. Qa3 Qf5 25. Rxa7 Re6 26. Rd1 Rg6 27. Bc7 Qe6
28. Qa6 Nf6 29. a4 d4 30. a5 Bf5 31. Qb5 Ne4 32. Qb7 Nc3 33. Re1 d3 34. Qb2
Nxe2+ 35. Bxe2 dxe2 36. Rxe2 Qd7 37. Rd2 Qc6 38. Bb6 Bh3 39. f3 Qxf3 40. Qb1 Rf6
41. Rd1 Qg2# 0-1

[Event "Chigorin Memorial"]
[Site "St Petersburg RUS"]
[Date "2012.11.02"]
[Round "7.142"]
[White "Ivanov, Sergei V."]
[Black "Nikiforov, Vyacheslav"]
[Result "1-0"]
[WhiteElo "2060"]
[BlackElo "1863"]
[WhiteFideId "24170003"]
[BlackFideId "4119401"]
[EventDate "2012.10.27"]

1. f4 d5 2. Nf3 Nf6 3. g3 c5 4. Bg2 Nc6 5. O-O g6 6. d3 Bg7 7. Nc3 Bf5 8. Nh4
Bg4 9. h3 Bc8 10. e4 dxe4 11. dxe4 Qxd1 12. Rxd1 Nd4 13. e5 Nd7 14. Rd2 Nb6 15.
Ne4 Nc4 16. Rf2 Ne6 17. c3 Rb8 18. b3 Na5 19. g4 h5 20. Nf3 hxg4 21. hxg4 b6 22.
f5 gxf5 23. gxf5 Nc7 24. f6 Bh6 25. Nfg5 Ne6 26. fxe7 Nxg5 27. Bxg5 Bxg5 28.
Nxg5 Rg8 29. Nxf7 Bh3 30. Nh6 Rxg2+ 31. Rxg2 Bxg2 32. Kxg2 Kxe7 33. Kf3 Ke6 34.
Ke4 Rh8 35. Nf5 Rh2 36. Rg1 Re2+ 37. Ne3 Rxa2 38. Rg6+ Kf7 39. Rf6+ Ke8 40. Nf5
Rd2 41. Rh6 Rd1 42. e6 Re1+ 43. Kd5 Rd1+ 44. Ke5 Nc6+ 45. Kf6 Kd8 46. Rh8+ Kc7
47. Rh7+ Kd8 48. e7+ Nxe7 49. Nxe7 Rd3 50. Nc6+ Kc8 51. Nxa7+ Kb8 52. Nb5 Rd2
53. Ke6 Kc8 54. Nd6+ Kd8 55. Rh8+ Kc7 56. Rc8# 1-0

[Event "Chigorin Memorial"]
[Site "St Petersburg RUS"]
[Date "2012.11.02"]
[Round "7.143"]
[White "Rudakov, Aleksandr"]
[Black "Mikhaylov, Dimitri"]
[Result "1-0"]
[WhiteElo "2060"]
[BlackElo "1854"]
[WhiteFideId "24135763"]
[BlackFideId "13901273"]
[EventDate "2012.10.27"]

1. e4 Nf6 2. e5 Nd5 3. d4 d6 4. c4 Nb6 5. exd6 cxd6 6. Nc3 g6 7. Be3 Bg7 8. Rc1
O-O 9. b3 Nc6 10. d5 Ne5 11. Be2 Ned7 12. Nf3 Nf6 13. O-O Nbd7 14. b4 b6 15. Nd4
Bb7 16. f4 Rc8 17. Ncb5 Qe8 18. Nxa7 Ra8 19. Ndb5 Ne4 20. Qd3 f5 21. Nc7 Qb8 22.
Nxa8 Qxa7 23. Nc7 Rc8 24. Ne6 Bf6 25. Bf3 Qxa2 26. Bxe4 fxe4 27. Qxe4 b5 28. Nd4
Nb6 29. Nxb5 Kg7 30. Bxb6 1-0

[Event "Chigorin Memorial"]
[Site "St Petersburg RUS"]
[Date "2012.11.02"]
[Round "7.144"]
[White "Koshil, Tikhon"]
[Black "Dzhavathanov, Magomed"]
[Result "1-0"]
[WhiteElo "2048"]
[BlackElo "1848"]
[WhiteFideId "4126637"]
[BlackFideId "24106020"]
[EventDate "2012.10.27"]

1. e4 c5 2. Nf3 Nc6 3. d4 cxd4 4. Nxd4 e6 5. Be3 Nge7 6. Nc3 Nxd4 7. Bxd4 Nc6 8.
Be3 Bb4 9. Bd2 a6 10. a3 Be7 11. g3 O-O 12. Bg2 b5 13. O-O f5 14. e5 Rb8 15. f4
g5 16. Qh5 g4 17. h3 gxh3 18. Qxh3 Bc5+ 19. Kh2 Bb7 20. Ne2 Rf7 21. b4 Be7 22.
Be3 Rg7 23. Bf3 Qc7 24. Rf2 Kh8 25. Rh1 Rbg8 26. Kg1 d5 27. exd6 Bxd6 28. Kf1 e5
29. Rfh2 Nxb4 30. Bxb7 Nxc2 31. Bf2 Qxb7 32. Qxf5 Qc7 33. Qf6 1-0

[Event "Chigorin Memorial"]
[Site "St Petersburg RUS"]
[Date "2012.11.02"]
[Round "7.145"]
[White "Belkina, Yulia"]
[Black "Azimova, Karina"]
[Result "0-1"]
[WhiteElo "1850"]
[BlackElo "2044"]
[WhiteFideId "4116542"]
[BlackFideId "4108310"]
[EventDate "2012.10.27"]

1. e4 e5 2. Nf3 d6 3. d4 exd4 4. Nxd4 Nf6 5. Nc3 Be7 6. Bd3 O-O 7. O-O Re8 8. f4
Bf8 9. Be3 c5 10. Nf3 h6 11. h3 Nc6 12. e5 Nd7 13. Bc4 Nb6 14. Bxf7+ Kxf7 15.
Ng5+ Kg8 16. Qh5 Qe7 17. Nce4 Bf5 18. Nxd6 g6 19. Qf3 hxg5 20. g4 Nxe5 21. fxe5
Qxe5 22. Nxf5 gxf5 23. Bxg5 Bd6 24. Qg2 Qg3 25. Qxg3 Bxg3 26. Kg2 f4 27. Bxf4
Bxf4 28. Rxf4 Re2+ 29. Rf2 Rae8 30. h4 Nd5 31. g5 Rxc2 32. Rxc2 Ne3+ 33. Kf3
Nxc2 34. Rg1 Nd4+ 35. Kg4 Re4+ 36. Kh5 Rxh4+ 37. Kxh4 Nf3+ 38. Kg4 Nxg1 39. Kf4
Ne2+ 40. Ke5 Nc1 41. a3 Nd3+ 42. Kd5 Nxb2 43. Kxc5 Kg7 44. Kd6 Nc4+ 45. Kc7 b5 0-1

[Event "Chigorin Memorial"]
[Site "St Petersburg RUS"]
[Date "2012.11.02"]
[Round "7.146"]
[White "Kharchenko, Daniil"]
[Black "Khatenever, Feliks"]
[Result "1/2-1/2"]
[WhiteElo "2039"]
[BlackElo "1843"]
[WhiteFideId "24101664"]
[BlackFideId "4131800"]
[EventDate "2012.10.27"]

1. e4 c5 2. Nf3 a6 3. d4 cxd4 4. Nxd4 Nf6 5. Nc3 d6 6. Be2 e6 7. O-O Be7 8. Be3
O-O 9. Qd2 Nc6 10. f4 Nxd4 11. Bxd4 e5 12. Be3 b5 13. Bf3 Bb7 14. Qd3 b4 15. Ne2
a5 16. Rfd1 Qc7 17. Rac1 Rfd8 18. c4 Qc6 19. Ng3 g6 20. f5 Rac8 21. Re1 a4 22.
Kh1 Nd7 23. Qd2 b3 24. axb3 axb3 25. Bd1 Nc5 26. Bxc5 dxc5 27. Qe3 Bh4 28. Qxb3
Rd4 29. fxg6 hxg6 30. Rf1 Rcd8 31. Be2 Bc8 32. Bf3 Bxg3 33. hxg3 Kg7 34. Kg1 Be6
35. Qa2 Rd2 36. Qa1 Ra8 37. Qb1 Qd6 38. Rf2 Qd4 39. Rf1 Rxf2 40. Rxf2 1/2-1/2

[Event "Chigorin Memorial"]
[Site "St Petersburg RUS"]
[Date "2012.11.02"]
[Round "7.147"]
[White "Bajaramov, Elvin"]
[Black "Glazov, Anatoly"]
[Result "1-0"]
[WhiteElo "2025"]
[BlackElo "1835"]
[WhiteFideId "24142514"]
[BlackFideId "4192281"]
[EventDate "2012.10.27"]

1. e4 e6 2. d4 d5 3. Nc3 Nc6 4. Nf3 Nge7 5. Be3 dxe4 6. Nxe4 Nf5 7. Be2 Nxe3 8.
fxe3 Be7 9. O-O O-O 10. c4 b6 11. Qe1 Nb4 12. Qf2 Bb7 13. Nc3 c5 14. d5 exd5 15.
Nxd5 Nxd5 16. Rfd1 Bf6 17. Bf1 Qe7 18. cxd5 Rad8 19. Bc4 Rd6 20. Rd2 a6 21. Rad1
b5 22. Bb3 Rfd8 23. e4 c4 24. Bc2 Bxb2 25. Qg3 f6 26. Nh4 Be5 27. Nf5 Qf8 28.
Qf3 R6d7 29. Kh1 g6 30. Ne3 Bc3 31. Ng4 b4 32. Rf2 f5 33. Qh3 Qg7 34. exf5 Rxd5
35. Rxd5 Bxd5 36. f6 Qb7 37. f7+ Kf8 38. Qxh7 Bxf7 39. Nh6 1-0

[Event "Chigorin Memorial"]
[Site "St Petersburg RUS"]
[Date "2012.11.02"]
[Round "7.148"]
[White "Berdashkevich, Svetlana"]
[Black "Opanasenko, Mikhail"]
[Result "1-0"]
[WhiteElo "1825"]
[BlackElo "2011"]
[WhiteFideId "24197483"]
[BlackFideId "24176834"]
[EventDate "2012.10.27"]

1. e4 c5 2. Nf3 e6 3. c3 d5 4. exd5 exd5 5. d4 Nf6 6. Bg5 Be6 7. Bb5+ Nc6 8. Ne5
Qb6 9. Qe2 Be7 10. dxc5 Qxc5 11. Nd2 O-O 12. Nb3 Qb6 13. Be3 Qc7 14. Bd4 a6 15.
Bd3 Nxd4 16. Nxd4 Bd6 17. Nef3 Rfe8 18. O-O Bg4 19. Qc2 Ne4 20. Rfe1 Bxf3 21.
Nxf3 f5 22. Qb3 Qf7 23. Rad1 Rad8 24. Qc2 Bb8 25. Re2 Qh5 26. h3 Rf8 27. c4 Rc8
28. Nd4 Ba7 29. Ne6 Rf6 30. Nf4 Qg5 31. Nxd5 Rfc6 32. Bxe4 fxe4 33. Rxe4 Bc5 34.
Rde1 Rf8 35. Re8 Rg6 36. Rxf8+ Bxf8 37. Qe4 b5 38. c5 h6 39. h4 1-0

[Event "Chigorin Memorial"]
[Site "St Petersburg RUS"]
[Date "2012.11.02"]
[Round "7.149"]
[White "Pitkanen, Juhani"]
[Black "Westerberg, Claes-Goran"]
[Result "0-1"]
[WhiteElo "1763"]
[BlackElo "2007"]
[WhiteFideId "504432"]
[BlackFideId "1712691"]
[EventDate "2012.10.27"]

1. d4 e6 2. c4 f5 3. Nc3 Nf6 4. Bg5 Be7 5. e3 O-O 6. Bd3 d6 7. Nge2 c6 8. O-O
Qe8 9. Bxf6 Bxf6 10. Qc2 g6 11. Rad1 Na6 12. a3 Nc7 13. b4 Bd7 14. Rfe1 Bg7 15.
Qa2 Kh8 16. a4 g5 17. f3 Qh5 18. Ng3 Qh6 19. Bf1 d5 20. cxd5 exd5 21. Qd2 Rae8
22. b5 f4 23. exf4 gxf4 24. Nge2 Ne6 25. bxc6 bxc6 26. Na2 Rf5 27. Kh1 Rh5 28.
h3 Rg8 29. Nb4 Bf6 30. Ng1 Nxd4 31. Nd3 Bxh3 32. gxh3 Qg5 33. Bg2 Rh4 34. Qf2
Nf5 35. Ne2 Qh6 36. Ng1 Ne3 37. Rxe3 fxe3 38. Qf1 Rxa4 39. Nc5 Ra2 40. Ne2 Be5
41. Nd3 Bg7 42. Nb4 Rb2 43. Nd3 Rd2 44. Rxd2 exd2 45. f4 Qg6 46. f5 Qf6 47. Nef4
Qa1 0-1

[Event "Chigorin Memorial"]
[Site "St Petersburg RUS"]
[Date "2012.11.02"]
[Round "7.150"]
[White "Atabayeva, Ogulgerek"]
[Black "Shakirova, Renata"]
[Result "1-0"]
[WhiteElo "1990"]
[BlackElo "1756"]
[WhiteFideId "14001810"]
[BlackFideId "24172049"]
[EventDate "2012.10.27"]

1. e4 c5 2. Nf3 d6 3. d4 cxd4 4. Nxd4 Nf6 5. Nc3 g6 6. Be3 Bg7 7. f3 O-O 8. Qd2
Nc6 9. O-O-O d5 10. Nxc6 bxc6 11. exd5 Nxd5 12. Nxd5 cxd5 13. Qxd5 Qc7 14. Qc5
Qb7 15. b3 Bf5 16. Qa5 Qc6 17. Bd3 Bxd3 18. Rxd3 Rfc8 19. c4 Qf6 20. Bd4 e5 21.
Bb2 Qg5+ 22. Qd2 Qxd2+ 23. Rxd2 Bh6 24. Bxe5 Bxd2+ 25. Kxd2 Rd8+ 26. Kc3 Re8 27.
Re1 f6 28. Bg3 Rxe1 29. Bxe1 Re8 30. Bd2 Kf7 31. c5 Ke6 32. Kc4 Kd7 33. Bf4 Kc6
34. b4 Re2 35. b5+ Kb7 36. a4 a6 37. c6+ Kb6 38. a5+ Kxa5 39. Bc7+ Ka4 40. b6
Rc2+ 41. Kd5 Kb5 42. b7 Rd2+ 43. Ke6 Re2+ 44. Kf7 Kxc6 45. b8=Q 1-0

[Event "Chigorin Memorial"]
[Site "St Petersburg RUS"]
[Date "2012.11.02"]
[Round "7.151"]
[White "Maksimov, Dmitri"]
[Black "Petrushev., Nikita"]
[Result "1-0"]
[WhiteElo "1982"]
[BlackElo "1738"]
[WhiteFideId "24162477"]
[BlackFideId "34117803"]
[EventDate "2012.10.27"]

1. e4 d6 2. d4 Nf6 3. Bd3 Nbd7 4. Nf3 e5 5. c3 Be7 6. O-O O-O 7. h3 c6 8. Be3 a5
9. Nbd2 Qc7 10. Re1 Rd8 11. a4 Nf8 12. Nc4 Ng6 13. dxe5 Nd7 14. exd6 Bxd6 15.
Nxd6 Qxd6 16. Bc2 Qc7 17. Qe2 Nde5 18. Nxe5 Qxe5 19. Bd4 Qe7 20. Qe3 Qh4 21. Bb6
Re8 22. Bc7 f5 23. Bg3 Qf6 24. e5 Qf7 25. Rad1 Be6 26. Rd6 Rad8 27. Qg5 Ne7 28.
Bh4 h6 29. Qd2 Rxd6 30. exd6 Nd5 31. c4 Nb6 32. c5 Nd7 33. Be7 Qg6 34. Qxa5 Bd5
35. g4 Be6 36. Rxe6 Qxe6 37. Bxf5 Qa2 38. Bxd7 Qb1+ 39. Kh2 Qe4 40. Bxe8 Qf4+
41. Kg1 Qc1+ 42. Kg2 Qf4 43. Bg6 1-0

[Event "Chigorin Memorial"]
[Site "St Petersburg RUS"]
[Date "2012.11.02"]
[Round "7.154"]
[White "Faizutdinova, Diana"]
[Black "Aseev, Vladimir"]
[Result "0-1"]
[WhiteElo "1834"]
[BlackElo "2095"]
[WhiteFideId "24143731"]
[BlackFideId "24121371"]
[EventDate "2012.10.27"]

1. e4 e5 2. Nf3 Nc6 3. Bc4 Be7 4. O-O Nf6 5. d3 d6 6. c3 O-O 7. Bb3 Na5 8. Bc2
c5 9. Nbd2 Qc7 10. Re1 Nc6 11. Nf1 Bg4 12. h3 Bh5 13. g4 Bg6 14. Ng3 Rfe8 15.
Nh4 d5 16. Nhf5 Bf8 17. h4 h6 18. h5 Bxf5 19. Nxf5 Ne7 20. g5 hxg5 21. Bxg5 Nxf5
22. Bxf6 gxf6 23. exf5 Bh6 24. Kh1 Kh8 25. Qf3 Qc6 26. a4 Rg8 27. Rg1 Bf4 28.
Rxg8+ Kxg8 29. Rg1+ Kf8 30. Bb3 Rd8 31. d4 c4 32. Bd1 Qb6 33. dxe5 fxe5 34. Qg2
Rd6 35. Qg8+ Ke7 36. Rg7 Rf6 37. Kg2 Bh6 38. Bg4 Bxg7 39. Qxg7 Qd6 40. Qg5 Kf8
41. Qd2 d4 42. cxd4 Qd5+ 43. Bf3 e4 44. Qb4+ Kg7 45. Bg4 e3+ 46. Bf3 Qxf5 47.
Qxb7 e2 48. h6+ Kxh6 0-1

[Event "Chigorin Memorial"]
[Site "St Petersburg RUS"]
[Date "2012.11.02"]
[Round "7.156"]
[White "Tarakanova, Valeria"]
[Black "Grachev, Andrey"]
[Result "1-0"]
[WhiteElo "1778"]
[BlackElo "2040"]
[WhiteFideId "24179205"]
[BlackFideId "24138290"]
[EventDate "2012.10.27"]

1. e4 e6 2. d4 d5 3. Nc3 Bb4 4. Ne2 c5 5. a3 Bxc3+ 6. Nxc3 dxe4 7. Bb5+ Nc6 8.
dxc5 Qxd1+ 9. Kxd1 f5 10. Bf4 Nf6 11. Ke2 Kf7 12. Bc4 Nd4+ 13. Kd2 Rd8 14. Kc1
Ng4 15. h3 Nf6 16. Rd1 Rd7 17. b4 b6 18. cxb6 axb6 19. Be3 Nc6 20. Kb2 Ne5 21.
Bb3 Rb8 22. Bf4 Rxd1 23. Rxd1 Nfd7 24. Rd6 b5 25. Rxe6 Nc4+ 26. Bxc4 bxc4 27.
Rc6 Ra8 28. Rxc4 Nb6 29. Rc7+ Kf6 30. Rc6+ 1-0

[Event "Chigorin Memorial"]
[Site "St Petersburg RUS"]
[Date "2012.11.02"]
[Round "7.157"]
[White "Salov, Vitaly V."]
[Black "Dyakov, Vladislav"]
[Result "1-0"]
[WhiteElo "1993"]
[BlackElo "1854"]
[WhiteFideId "4128044"]
[BlackFideId "24177261"]
[EventDate "2012.10.27"]

1. e4 c5 2. Nc3 Nc6 3. g3 g6 4. Bg2 Bg7 5. d3 d6 6. f4 Nf6 7. Nf3 O-O 8. h3 Rb8
9. O-O b5 10. Ne2 c4 11. Be3 Bd7 12. g4 Rc8 13. f5 Nb4 14. Bxa7 Qa5 15. Bf2 Ne8
16. a3 cxd3 17. cxd3 Nc2 18. b4 Qa6 19. Rc1 Nxa3 20. Rxc8 Bxc8 21. fxg6 hxg6 22.
Bd4 Bd7 23. Bxg7 Nxg7 24. Qd2 Rc8 25. Qh6 Ne6 26. Nf4 Qb6+ 27. Kh1 Qe3 28. Ng5
Nxg5 29. Nd5 f6 30. Qxg6+ Kf8 31. Nxe3 1-0

[Event "Chigorin Memorial"]
[Site "St Petersburg RUS"]
[Date "2012.11.02"]
[Round "7.158"]
[White "Yakovlev, Yuri S."]
[Black "Bezulenko, Evgeny"]
[Result "0-1"]
[WhiteElo "1982"]
[BlackElo "1850"]
[WhiteFideId "4173929"]
[BlackFideId "24105996"]
[EventDate "2012.10.27"]

1. e4 e6 2. d4 d5 3. Nd2 dxe4 4. Nxe4 Nf6 5. Bd3 Be7 6. Nf3 Nbd7 7. Ng3 O-O 8.
c3 c5 9. Be3 Nd5 10. O-O Nxe3 11. fxe3 Nb6 12. h3 Nd5 13. Re1 Qc7 14. Nf1 c4 15.
Be2 f5 16. Ne5 b5 17. a4 Bd6 18. axb5 Bxe5 19. dxe5 Bd7 20. Qd4 Bxb5 21. b3 Rfd8
22. bxc4 Nb6 23. Qf4 Bxc4 24. Bxc4 Qxc4 25. Qxc4 Nxc4 26. e4 f4 27. Ra6 Kf7 28.
Rea1 Rd7 29. g3 fxg3 30. Nxg3 Nxe5 31. Ne2 Nf3+ 32. Kg2 Ng5 33. e5 Rd2 34. Rxa7+
Rxa7 35. Rxa7+ Kg6 36. Kf2 Nxh3+ 37. Ke3 Rd5 38. Nf4+ Nxf4 39. Kxf4 Rc5 40. Re7
Rc4+ 41. Ke3 Rxc3+ 42. Kd4 Rc6 43. Ke4 h5 44. Kf4 Kh6 45. Rd7 g5+ 46. Ke3 Kg6
47. Rd8 Kf5 48. Kd4 h4 49. Rf8+ Kg4 50. Rf1 h3 51. Rg1+ Kh4 52. Ke3 h2 0-1

[Event "Chigorin Memorial"]
[Site "St Petersburg RUS"]
[Date "2012.11.02"]
[Round "7.159"]
[White "Shuvalov, Arvind"]
[Black "Ayvazyan, Nikita"]
[Result "1-0"]
[WhiteElo "1789"]
[BlackElo "1973"]
[WhiteFideId "24199079"]
[BlackFideId "4177266"]
[EventDate "2012.10.27"]

1. e4 d5 2. exd5 Nf6 3. d4 Bg4 4. Nf3 Qxd5 5. Be2 Nc6 6. h3 Bxf3 7. Bxf3 Qd7 8.
c3 O-O-O 9. O-O e5 10. Bg5 exd4 11. Bg4 Nxg4 12. Bxd8 Nxf2 13. Rxf2 Qxd8 14.
cxd4 Qxd4 15. Qxd4 Nxd4 16. Nc3 Bc5 17. Kf1 f5 18. Re1 c6 19. Rd2 Rd8 20. Red1
Bb6 21. Ne2 Nc2 22. Rxd8+ Bxd8 23. Rd3 Bb6 24. Nf4 Ne3+ 25. Ke2 Nc4 26. b3 Ne5
27. Rd1 Nd7 28. b4 Nf6 29. Rd3 g6 30. a4 a6 31. a5 Bc7 32. Rd4 Be5 33. Rc4 Kd7
34. Nd3 Bd6 35. g4 fxg4 36. hxg4 Ke6 37. g5 Nd5 38. Rh4 Kf5 39. Rxh7 Nxb4 40.
Rxb7 Nxd3 41. Kxd3 Kxg5 42. Rb6 Kf5 43. Rxc6 Ke5 44. Rxa6 Kd5 45. Rb6 Kc5 46.
Rb1 Bc7 47. Rc1+ Kd6 48. a6 Bb6 49. Ke4 Ba7 50. Rb1 Kc6 51. Rb7 Bc5 52. Rf7 Kb5
53. a7 Bxa7 54. Rxa7 Kc4 55. Rg7 Kc5 56. Rxg6 Kc4 57. Rc6+ Kb5 58. Kd5 Kb4 59.
Rc5 Kb3 60. Rc4 Ka3 61. Kd4 1-0

[Event "Chigorin Memorial"]
[Site "St Petersburg RUS"]
[Date "2012.11.02"]
[Round "7.160"]
[White "Zhelobanov, Roman"]
[Black "Hyotyla, Tapio"]
[Result "1-0"]
[WhiteElo "1912"]
[BlackElo "1795"]
[WhiteFideId "24154334"]
[BlackFideId "501026"]
[EventDate "2012.10.27"]

1. e4 d6 2. Nc3 g6 3. Bc4 Nf6 4. Nge2 c6 5. d3 d5 6. Bb3 dxe4 7. Nxe4 Nxe4 8.
dxe4 Qxd1+ 9. Kxd1 Bg7 10. c3 Na6 11. Be3 Nc7 12. Kc2 b6 13. Rhd1 e5 14. Rd6 c5
15. Rad1 O-O 16. f3 Be6 17. Bxe6 Nxe6 18. Kb3 Rfd8 19. Rxd8+ Rxd8 20. Rxd8+ Nxd8
21. Kc4 1-0

[Event "Chigorin Memorial"]
[Site "St Petersburg RUS"]
[Date "2012.11.02"]
[Round "7.161"]
[White "Kamnev, Alexander"]
[Black "Toporkova, Sofia"]
[Result "1/2-1/2"]
[WhiteElo "1885"]
[BlackElo "1732"]
[WhiteFideId "24176753"]
[BlackFideId "4169930"]
[EventDate "2012.10.27"]

1. e4 c5 2. Nf3 Nc6 3. d4 cxd4 4. Nxd4 e5 5. Nb5 a6 6. Nd6+ Bxd6 7. Qxd6 Qe7 8.
Qxe7+ Ngxe7 9. c3 d5 10. exd5 Nxd5 11. Bc4 Be6 12. Bxd5 Bxd5 13. O-O O-O-O 14.
Nd2 f6 15. Nb3 b6 16. Be3 Kc7 17. Rfc1 Bxb3 18. axb3 Ra8 19. b4 f5 20. f3 e4 21.
fxe4 fxe4 22. Rf1 Rhe8 23. Kf2 a5 24. bxa5 Rxa5 25. Rxa5 bxa5 26. Ke2 Ne5 27.
Bd4 Kd6 28. Rf5 a4 29. Bxe5+ Rxe5 30. Rf8 Rb5 31. Rd8+ Ke5 32. Rd2 Rb3 33. Rc2
Kd5 34. Ke3 Ke5 35. Ke2 Kd5 36. Ke3 Ke5 37. Ke2 Kd5 38. Ke3 Ke5 39. Ke2 Kd5 40.
Ke3 Ke5 1/2-1/2

[Event "Chigorin Memorial"]
[Site "St Petersburg RUS"]
[Date "2012.11.02"]
[Round "7.162"]
[White "Stoliarenko, Ivan"]
[Black "Chistiakov, Mihail"]
[Result "1-0"]
[WhiteElo "1673"]
[BlackElo "1884"]
[WhiteFideId "24199591"]
[BlackFideId "24161217"]
[EventDate "2012.10.27"]

1. e4 c5 2. Nf3 d6 3. d4 cxd4 4. Nxd4 Nf6 5. Nc3 g6 6. Be3 Bg7 7. f3 Nc6 8. Qd2
O-O 9. O-O-O d5 10. Kb1 Nxd4 11. e5 Nxf3 12. gxf3 Nh5 13. Nxd5 e6 14. Nc3 Qxd2
15. Rxd2 Bxe5 16. Bc5 Re8 17. Bb5 Bxc3 18. bxc3 b6 19. Bxe8 bxc5 20. Rd8 Kg7 21.
Bc6 Rb8+ 22. Ka1 Nf6 23. Rb1 Rxb1+ 24. Kxb1 Ba6 25. Ra8 Be2 26. Rxa7 g5 27. Ra5
Nd5 28. Rxc5 Bxf3 29. c4 Nc3+ 30. Kb2 Bxc6 31. Rxc6 Nd1+ 32. Kb3 g4 33. Rd6 Ne3
34. Rd2 f5 35. c5 f4 36. c6 Nf5 37. c7 Ne7 38. Rd7 1-0

[Event "Chigorin Memorial"]
[Site "St Petersburg RUS"]
[Date "2012.11.02"]
[Round "7.164"]
[White "Pankova, Julia"]
[Black "Popov, Alexei"]
[Result "0-1"]
[WhiteElo "1528"]
[BlackElo "1823"]
[WhiteFideId "34103276"]
[BlackFideId "24195898"]
[EventDate "2012.10.27"]

1. d4 Nf6 2. Nf3 e6 3. g3 c5 4. c3 d5 5. Bg2 Nc6 6. O-O c4 7. Bg5 h6 8. Bf4 Bd6
9. Bxd6 Qxd6 10. Nbd2 b5 11. Re1 Ne4 12. Nxe4 dxe4 13. Nd2 f5 14. b3 cxb3 15.
Nxb3 h5 16. Qc1 Qe7 17. h4 Nd8 18. Qg5 Qf8 19. Nc5 Nf7 20. Qd2 Qe7 21. f3 e5 22.
fxe4 f4 23. gxf4 Qxh4 24. dxe5 Nh6 25. e3 Ng4 26. Bf3 g5 27. Rad1 gxf4 28. exf4
Rg8 29. Bg2 Rf8 30. Nd3 Qh2+ 31. Kf1 Nxe5 32. Nxe5 Rxf4+ 33. Bf3 Bh3+ 0-1

[Event "Chigorin Memorial"]
[Site "St Petersburg RUS"]
[Date "2012.11.02"]
[Round "7.165"]
[White "Levdansky, Alexey"]
[Black "Volskaya, Vera"]
[Result "0-1"]
[WhiteElo "1700"]
[BlackElo "1929"]
[WhiteFideId "34107581"]
[BlackFideId "24170054"]
[EventDate "2012.10.27"]

1. Nf3 d5 2. d4 Bg4 3. g3 e6 4. Bg2 Nd7 5. O-O c5 6. e3 Ngf6 7. Nbd2 cxd4 8.
exd4 Rc8 9. c3 Bd6 10. h3 Bf5 11. Re1 O-O 12. Nf1 h6 13. Ne3 Bh7 14. Nc2 Qc7 15.
Rf1 Be4 16. Nh4 Bxg2 17. Nxg2 Ne4 18. Nce1 g5 19. Nf3 Kg7 20. Nd2 f5 21. Nxe4
fxe4 22. h4 Be7 23. hxg5 Bxg5 24. Qg4 Rf5 25. Nh4 Rcf8 26. Nxf5+ exf5 27. Qe2 f4
28. gxf4 Bxf4 29. Qg4+ Kh7 30. Bxf4 Rxf4 31. Qg3 Nf6 32. Kh1 Nh5 33. Qh3 Qf7 34.
Rg1 Rf6 35. Qg4 Rxf2 36. Rg2 Rf4 37. Qh3 Rf3 38. Qh4 Nf4 39. Rh2 h5 40. Rg1 e3
41. Rg3 Rf1+ 42. Rg1 e2 43. Rxe2 Rxg1+ 44. Kxg1 Nxe2+ 45. Kh2 Qf4+ 46. Qxf4 Nxf4
47. Kg3 Nd3 48. Kh4 Kg6 49. Kg3 Nxb2 0-1